Deník malého Minecrafťáka : komiks /
Čtyři komiksová dobrodružství Minuse a jeho přátel ve světě Minecraftu.
Uloženo v:
| Série: | Deník malého Minecrafťáka (komiks),
část |
|---|---|
| Hlavní autor: | |
| Další autoři: | , , , |
| Médium: | E-kniha |
| Jazyk: | Czech |
| Vydáno: |
V Brně :
Computer Press,
2021
|
| Vydání: | 1. vydání |
| Témata: | |
| Příbuzné jednotky: | Z cyklu::
Deník malého Minecrafťáka (komiks) |
| Tagy: |
Žádné tagy |
| LEADER | 03277nam a2200625 i 4500 | ||
|---|---|---|---|
| 001 | 311454 | ||
| 003 | CZ PrSKC | ||
| 005 | 20260601215705.0 | ||
| 007 | ta | ||
| 008 | 211111s2021 xr a c 6 000 1 cze | ||
| 015 | |a cnb003374572 | ||
| 020 | |a 9788025150399 |q (vázáno) : |c Kč 549,00 | ||
| 035 | |a (OCoLC)1296108455 | ||
| 040 | |a ABG001 |b cze |d ABA001 |e rda | ||
| 041 | 1 | |a cze |h fre | |
| 072 | 7 | |a 741.52 |x Komiksy. Komiksové adaptace |2 Konspekt | |
| 072 | 7 | |a 821-93 |x Literatura pro děti a mládež (beletrie) |2 Konspekt | |
| 080 | |a 741.52(0:82-321.5) |2 MRF | ||
| 080 | |a 741.52(0.046.6) |2 MRF | ||
| 080 | |a 821.111(73)-32 |2 MRF | ||
| 080 | |a 821-93 |2 MRF | ||
| 100 | 0 | |a Piratesourcil, |d 1985- |7 xx0244478 |4 aut | |
| 240 | 1 | 0 | |a Journal d'un Noob. |l Česky |
| 245 | 1 | 0 | |a Deník malého Minecrafťáka : |b komiks / |c Cube Kid, Pirate Sourcil, Jez, Odone ; překlad: Martin Herodek |
| 246 | 1 | |i Název z tiráže: |a Deník malého Minecrafťáka: komiks komplet 1 | |
| 250 | |a 1. vydání | ||
| 264 | 1 | |a V Brně : |b Computer Press, |c 2021 | |
| 300 | |a 180 stran : |b barevné ilustrace ; |c 31 cm | ||
| 336 | |a text |b txt |2 rdacontent | ||
| 336 | |a statický obraz |b sti |2 rdacontent | ||
| 337 | |a bez média |b n |2 rdamedia | ||
| 338 | |a svazek |b nc |2 rdacarrier | ||
| 500 | |a "Scénář: Pirate Sourcil ; ilustrace: Jez ; barvy: Odone"--Tiráž | ||
| 500 | |a Přeloženo z francouzštiny? | ||
| 500 | |a Autor původního díla: Cube Kid | ||
| 500 | |a Na obálce uvedena též původní nakladatelství: 404 éditions, Jungle | ||
| 520 | 2 | |a Čtyři komiksová dobrodružství Minuse a jeho přátel ve světě Minecraftu. |b Minus rozhodně není vesničan jako ostatní, sní o tom stát se bojovníkem a jednoho dne se vydá se vstříc dobrodružství. Zombie Chropt, kterou potká, naopak sní o tom, že se stane člověkem. Společně se vydají na cestu, na které se k nim postupně připojí Marguerite, bojovník Albéric a zvídavá Bagel. Napětí a osobní spory v týmu ale rostou a tváří v tvář drakovi si nakonec každý bude muset vybrat, zda se sjednotí, nebo raději prchne! Nakladatelská anotace. | |
| 655 | 7 | |a humoristické komiksy |7 fd1057480 |2 czenas | |
| 655 | 7 | |a komiksové adaptace |7 fd1057342 |2 czenas | |
| 655 | 7 | |a americké příběhy |7 fd131795 |2 czenas | |
| 655 | 7 | |a publikace pro děti |7 fd133156 |2 czenas | |
| 655 | 9 | |a humorous comics |2 eczenas | |
| 655 | 9 | |a comics adaptations |2 eczenas | |
| 655 | 9 | |a American stories |2 eczenas | |
| 655 | 9 | |a children's literature |2 eczenas | |
| 700 | 0 | |a Jez, |d 1985- |7 xx0244473 |4 ill | |
| 700 | 1 | |a Odone, Joël |7 xx0252170 |4 clr | |
| 700 | 1 | |a Herodek, Martin |7 xx0150252 |4 trl | |
| 700 | 0 | |i Adaptace díla: |a Cube Kid |c (spisovatel), |d 1983- |t Diary of a wimpy villager | |
| 787 | 0 | 8 | |i Z cyklu: |t Deník malého Minecrafťáka (komiks) |
| 900 | |a ABA001 |b 20 | ||
| 044 | |a xr | ||
| 910 | |a RBIT002 | ||
| 998 | |d 338675 |a https://core.palmknihy.cz/api/books/338675/cover?si9om9 |b https://core.palmknihy.cz/api/books/338675/cover/400?si9om9 |c https://core.palmknihy.cz/api/books/338675/cover/50?si9om9 |e 2029-09-19 |g 184 |i 9788025150399 |k https://core.palmknihy.cz/api/books/338675/preview.pdf |l |q 49 |r 1 |s https://www.palmknihy.cz/kniha/338675 |t ebook |y 2021 |z 0 |v Deník malého Minecrafťáka: komiks |w 0 | ||
| 999 | |d 311452 | ||